| 000 | 00472nam a22001577a 4500 | ||
|---|---|---|---|
| 003 | macl | ||
| 005 | 20241024163037.0 | ||
| 008 | 241024b |||||||| |||| 00| 0 eng d | ||
| 040 | _cmacl | ||
| 082 | _a792/MIS | ||
| 100 |
_aमिश्र ,यतीन्द्र _979087 |
||
| 245 | _aगुलजार साहब | ||
| 260 |
_aनई दिल्ली _bवाणी पब्लिकैशन _c3023 |
||
| 650 |
_aसिनेमा _9268 |
||
| 942 |
_2ddc _cHIN |
||
| 999 |
_c67713 _d67713 |
||